|
|
|
|
| LEADER |
00919cam a2200253 7i4500 |
| 001 |
0000003885 |
| 005 |
20170218090000.0 |
| 008 |
071120 eng |
| 020 |
|
|
|a 9780324055917
|
| 020 |
|
|
|a 0324055919 (hbk.)
|
| 050 |
0 |
0 |
|a HB171.5 GOT 2002
|
| 090 |
0 |
0 |
|a HB171.5
|b .G68 2002
|
| 100 |
1 |
|
|a Gottheil, Fred M
|
| 245 |
1 |
0 |
|a Principles of economics
|c Fred M. Gottheil.
|
| 250 |
|
|
|a 3rd ed.
|
| 260 |
|
|
|a Australia:
|b South-Western/Thomson Learning,
|c 2002.
|
| 300 |
|
|
|a xl, 822 p.:
|b ill. (some col.);
|c 27 cm..
|
| 504 |
|
|
|a Includes bibliographical references and index
|
| 650 |
0 |
0 |
|a Economics
|
| 997 |
|
|
|a Business & Accountancy, Faculty
|
| 999 |
|
|
|a 0000022262
|b BOK
|c OPEN SHELF
|e 1st Floor, Shah Alam
|
| 999 |
|
|
|a 0000022874
|b BOK
|c OPEN SHELF
|e 1st Floor, Shah Alam
|
| 999 |
|
|
|a 0000023130
|b BOK
|c OPEN SHELF
|e 1st Floor, Bestari Jaya
|
| 999 |
|
|
|a 0000007373
|b BOK
|c OPEN SHELF
|e 1st Floor, Bestari Jaya
|